000 00585nam a2200157 a 4500
008 160615s2009 ||||||||||||||||| || u
020 _a9780340972922
050 _aKD 202 Cha
100 _aRamjohn, Mohamed
245 1 0 _aUnlocking evidence
_cBy Charanjit Sigh Land [and] Mohamed Ramjohn
260 _aLondon
_bHodder Education
_c2009
300 _axxxii, 380p.
650 0 _aEVIDENCE (LAW)
700 _aLanda, Charanjit Singh
995 _FCBU-MAIN LIBRARY (Kitwe)
_M1
_UAVAILABLE
_WJan 18, 2017
_ZMain Library Open Access Collection
999 _c60921
_d60921